|
|
|
|
| LEADER |
01680cas a2200241 a 4500 |
| 001 |
AALejournalIMF007382 |
| 008 |
230101c9999 xx r poo 0 0eng d |
| 020 |
|
|
|c 5.00 USD
|
| 020 |
|
|
|z 9781451921670
|
| 022 |
|
|
|a 1018-5941
|
| 040 |
|
|
|a BD-DhAAL
|c BD-DhAAL
|
| 100 |
1 |
|
|a MacDonald, Ronald.
|
| 245 |
1 |
0 |
|a What Determines Real Exchange Rates? :
|b The Long and Short of it /
|c Ronald MacDonald.
|
| 264 |
|
1 |
|a Washington, D.C. :
|b International Monetary Fund,
|c 1997.
|
| 300 |
|
|
|a 1 online resource (53 pages)
|
| 490 |
1 |
|
|a IMF Working Papers
|
| 500 |
|
|
|a <strong>Off-Campus Access:</strong> No User ID or Password Required
|
| 500 |
|
|
|a <strong>On-Campus Access:</strong> No User ID or Password Required
|
| 506 |
|
|
|a Electronic access restricted to authorized BRAC University faculty, staff and students
|
| 520 |
3 |
|
|a This paper presents a reduced-form model of the real exchange rate. Using multilateral cointegration methods, the model is implemented for the real effective exchange rates of the dollar, the mark, and the yen, over the period 1974-1993. In contrast to much other research using real exchange rates, there is evidence of significant and sensible long-run relationships for a simplified version as well as for the full version of the model. The estimated long-run relationships are used to produce dynamic equations, which outperform a random walk and produce sensible dynamic patterns in the context of an impulse response analysis.
|
| 538 |
|
|
|a Mode of access: Internet
|
| 830 |
|
0 |
|a IMF Working Papers; Working Paper ;
|v No. 1997/021
|
| 856 |
4 |
0 |
|z Full text available on IMF
|u http://elibrary.imf.org/view/journals/001/1997/021/001.1997.issue-021-en.xml
|z IMF e-Library
|